| 000 | 00000nam 2200000za 4500 |
| 001 | 9.853731 |
| 003 | CaOODSP |
| 005 | 20221107154910 |
| 007 | cr ||||||||||| |
| 008 | 180315s1986 onc o f000 0 eng d |
| 020 | |z0-660-11945-5 |
| 040 | |aCaOODSP|beng |
| 043 | |an-cn--- |
| 086 | 1 |aCS12-570/1986E-PDF |
| 245 | 00|aCanadian Standard Industrial Classification for Companies and Enterprises, 1980 |h[electronic resource]. |
| 260 | |aOttawa : |bStatistics Canada, |c1986. |
| 300 | |aiii, 381 p. |
| 500 | |aIssued also in French under title: Classification canadienne type des industries pour compagnies et entreprises, 1980. |
| 500 | |a"March 1986." |
| 500 | |aDigitized edition from print [produced by Statistics Canada]. |
| 520 | |a“This manual presents the first edition of the Canadian Standard Industrial Classification for Company and Enterprise statistics (SIC-C). It complements the Standard Industrial Classification for establishment statistics (SIC-E) which, up to now, has been the single authoritative source for classifying and publishing economic statistics by industry.”--Preface. |
| 530 | |aIssued also in print format. |
| 692 | 07|2gccst|aIndustry |
| 692 | 07|2gccst|aClassification |
| 710 | 2 |aStatistics Canada. |
| 775 | 08|tClassification canadienne type des industries pour compagnies et entreprises, 1980 |w(CaOODSP)9.853734 |
| 856 | 40|qPDF|s37.64 MB|uhttps://publications.gc.ca/collections/collection_2017/statcan/CS12-570-1986-eng.pdf|zConcordance |